00995 2200349 4500001002100000005001700021008004100038020002200079035002500101040001300126041000800139082001000147090001600157100002300173245012500196250001100321260003700332300004100369504003000410600003300440650001200473990001600485990001600501990001600517990001600533990001600549990001600565990001600581990001600597990001600613990001600629YOGYA-1112000000038520150224091647.0 ind  a978-979-25-4879-2 a0010-111200000000385 aYOPD DIY aIND a371.1 a371.1 Muh B aMuhammmad Thobrani aBelajar dan pembelajaran : pengembangan wacana dan praktik pembelajaran dalam pembangunan nasionalc/ Muhammmad Thobrani aCet. 1 aYogyakartabAr- Ruzz Mediac2011 a464 hlm.b: ilus.c; 21 cm. (10 eks) aBibliografi : hlm.447-452 aArief mustofa ; Meita sandra aBelajar a521-PK/B.12 a522-PK/B.12 a523-PK/B.12 a524-PK/B.12 a525-PK/B.12 a526-PK/B.12 a527-PK/B.12 a528-PK/B.12 a529-PK/B.12 a530-PK/B.12